Science Quiz

Random Science or Math Quiz

Types of Triangles Quiz Stats

 Plays Quiz Updated Mar 17, 2020

Support Sporcle.
Go Orange.
Score 0/7 Timer 02:00
4 Plays Today
This type of triangle has... Type of Triangle % Correct
one angle equal to 90 degreesright
92%
one angle greater than 90 degreesobtuse
87.1%
three congruent sidesequilateral
85.3%
three angles less than 90 degreesacute
83.8%
at least two congruent sidesisosceles
66.2%
no congruent sidesscalene
53.1%
three congruent anglesequiangular
31.5%

You're not logged in!

Compare scores with friends on all Sporcle quizzes.
OR
Log In

From the Vault

'Lost' & 'Found' Songs

by JoeBeta

Is there any sort of reward for finding these songs?
Remove Ads.
Support Sporcle.
Get the best of Sporcle when you Go Orange. This ad-free experience offers more features, more stats, and more fun while also helping to support Sporcle. Thank you for becoming a member.

Show Comments

Extras

Top Quizzes Today


Score Distribution

Your Account Isn't Verified!

In order to create a playlist on Sporcle, you need to verify the email address you used during registration. Go to your Sporcle Settings to finish the process.

Report this User

Report this user for behavior that violates our Community Guidelines.

Details: